00948cam a22002775i 4500999001500000001001900015003000400034005001700038008004100055017003900096020001800135040002900153100002600182245011700208264003200325300002700357490001100384650003200395650004500427700003400472830002300506908000800529940000800537942001300545952011200558 c7665d7665991060740744406706OSt20230323184654.0221020s2022 sp |||||-|||||0|| e-spa|c aDL M 16777-2022bOficina DL Madrid a9788436846850 aES-BaUABbcaterdacCDMR1 aLabio Bernal, Aurora,10aPeriodismo SOS :bdel filantrocapitalismo al poder que mata /cAurora Labio-Bernal, Lorena R. Romero-Domínguez 1aMadrid :bPirámide,c2022 a232 pàgines ;c23 cm1 aMedios 7aPremsa i política.2lemac 7aPeriodismexAspectes econòmics.2lemac1 aRomero Domínguez, Lorena R. 0aColección Medios aUAB aUAB 2udccMON 00104070aCDMRbCDMRd2023-03-23eDonacióg22.50l0oCk 1/35pCDMR22110002r2023-03-23w2023-03-23yMON